Instructor´s Manual. Industrial systems : planning, analysis, control
Kaydedildi:
| Yazar: | |
|---|---|
| Materyal Türü: | Kitap |
| Dil: | English |
| Baskı/Yayın Bilgisi: |
New York, New York : Ronald Press,
c1973.
|
| Konular: | |
| Etiketler: |
Etiketle
Etiket eklenmemiş, İlk siz ekleyin!
|
MARC
| LEADER | 00000nam a2200000Ia 4500 | ||
|---|---|---|---|
| 003 | 003328 | ||
| 005 | 20221231143955.0 | ||
| 008 | 140114s1973 nyua 000 ||eng d | ||
| 040 | |c cru CEDI | ||
| 082 | |a 658.4 B413i | ||
| 100 | |a Bedworth, David D |9 21542 | ||
| 245 | |a Instructor´s Manual. Industrial systems : planning, analysis, control | ||
| 260 | |a New York, New York : Ronald Press, |c c1973. | ||
| 300 | |a iii, 64 páginas : ilustraciones ; 24 cm | ||
| 650 | |x ADMINISTRACION INDUSTRIAL |9 21707 | ||
| 942 | |2 ddc |c BK | ||
| 999 | |c 15033 |d 15033 | ||
